Až na vrchol hory

Bibliographic Details
Main Author: Dahl, Arne, 1963- (Author)
Other Authors: Mikuláš, Roman, 1973- (Translator)
Format: Book
Language:Slovak
Swedish
PhysicalDescription:382 s. 21 cm
Published: Bratislava Príroda 2014
ISBN:9788007023185
Edition:1. slov. vyd.
Subjects:

MARC

LEADER 00000cam a2200000 a 4500
001 vtls010610351
003 SK-MaSNL
005 20260301182914.0
008 240318s2014 xo g 000 fdslo
015 |a SNBA2014/11 
020 |a 9788007023185  |q (viaz.) 
035 |a 81BC7E54-654C-466B-AAC0-CD4084E00A14 
035 |a urn:nbn:sk:snk-amlfw8 
035 |a urn:nbn:sk:snk-am009412 
040 |a SNK  |b slo  |c SNK  |e AACR2 
041 1 |a slo  |h swe 
044 |a xo  |c SK 
072 7 |a 821.11  |x Germánske literatúry  |2 konspekt 
080 |a 821.113.6-31  |2 2001 
080 |a (0:82-312.4)  |2 2001 
100 1 |a Dahl, Arne,  |d 1963-  |4 aut  |9 243757 
240 1 0 |a Upp till toppen av berget  |l Slovensky 
245 1 0 |a Až na vrchol hory  |c Arne Dahl ; [preklad: Roman Mikuláš] 
250 |a 1. slov. vyd. 
260 |a Bratislava  |b Príroda  |c 2014 
300 |a 382 s.  |c 21 cm 
500 |a Biogr. údaje 
655 7 |a švédske romány  |2 SNKPH  |9 70708 
655 7 |a detektívne romány  |2 SNKPH  |9 70455 
655 7 |a Swedish fiction  |2 SNKPHeng  |9 280059 
655 7 |a Detective novels  |2 SNKPHeng  |9 121444 
700 1 |a Mikuláš, Roman,  |d 1973-  |4 trl  |9 23390 
919 |a 978-80-07-02318-5 
958 |a LX 
958 |a UP 
968 |b SVE 
999 |c 855209  |d 857139 
952 |a SNK  |b SNK  |y PREZ  |7 0  |p 17A1113939  |o snkSC 160563 D1  |i snk2014/20153  |8 0  |0 0  |1 0  |4 0  |d 2014-10-01  |l 0  |r 2026-02-24 04:54:25  |w 2026-02-24 
952 |a SNK  |b SNK  |y PREZ  |7 0  |p 17A1113953  |o snkSC 160563  |i snk2014/16049  |8 0  |0 0  |1 0  |4 0  |d 2014-07-24  |f 1  |l 0  |r 2025-08-22 00:00:00  |w 2026-02-24